000
00324 a2200157 4500
001
168765
020
_a
040
_c
Magnum
100
_a
Faraco & Moura
240
1
0
_a
Linguagem nova - 8 serie
_l
por
245
1
0
_a
Linguagem nova - 8 serie
362
0
_a
1899
440
1
_a
Ática
697
_a
GRAMATICA
942
_c
BK
999
_c
168765
_d
168765